State Quiz - Tocantins - Statistics

General Stats
  • This quiz has been taken 8 times
  • The average score is 11 of 15
Answer Stats
Hint Answer % Correct
Other bordering states Bahia
100%
Other bordering states Mato Grosso
100%
Other bordering states Pará
100%
Rainforest to the northwest Amazon
86%
State that Tocantins was part of before 1988 Goiás
86%
Other bordering states Maranhão
86%
State capital Palmas
86%
River to the west of that city Tocantins River
86%
Other bordering states Piauí
71%
Second largest city—starts with "A" Araguaína
57%
Wide region of semi-humid savannas that makes up 87% of Tocantins The {Cerrado}
57%
Second largest river island in the world, home to Araguaia National Park {Bananal} Island
43%
State park in Tocantins that was popularized by the show "O Outro Lado do Paraíso" Jalapão
43%
Object in the middle of the Tocantins flag Sun
43%
Tocantins means "Toucan's ____" in the Tupi language Beak
14%
No matching quizzes found
Score Distribution
Percent of People with Each Score
Percentile by Number Answered
Your Score History
You have not taken this quiz